| 000 | 00945nam a22003011 4500 | ||
|---|---|---|---|
| 001 | 9493 | ||
| 003 | BD-RjUL | ||
| 005 | 20211208234804.0 | ||
| 008 | 140121s1955 ilua 00| 0 eng d | ||
| 035 | _a(OCoLC)14674985 | ||
| 035 | _a(OCoLC)02707607 | ||
| 035 | _a(BD-RjUL)9538 | ||
| 040 |
_aNLM _cNLM _dGAT _dMCL _dBD-RjUL _beng |
||
| 041 | _aeng | ||
| 060 | 0 |
_aQD 553 _bM135i 1955 |
|
| 082 | 0 | 0 |
_a572.58 _bMCI 1955 |
| 090 | _aQD561.M145x 1955 | ||
| 100 | 1 |
_aMcDonald, Hugh J. _q(Hugh Joseph), _d1913- _929413 |
|
| 245 | 1 | 0 |
_aIonography: electrophoresis in stabilized media / _cby Hugh J. McDonald in collaboration with Robert J. Lappe [et al.] |
| 260 |
_aChicago: _bYear Book Publishers. _c[1955] |
||
| 300 |
_ax, 268 p. _bill. _c22.cm. |
||
| 504 | _aBibliography: p. 202-244. | ||
| 650 | 0 |
_aElectrophoresis. _929414 |
|
| 650 | 0 |
_aIons _xMigration and velocity. _929415 |
|
| 942 |
_2ddc _cBK |
||
| 999 |
_c9493 _d9493 |
||